000 00756nam a2200253Ia 4500
003 OSt
005 20220918210430.0
006 a|||||r|||| 00| 0
007 ta
008 220917b |||||||| |||| 00| 0 eng d
024 _a120,500
037 _cTextual
040 _aARTS
_cARTS
_beng
041 _2eng
_aeng
082 _aV7314.3W.M, L2
100 _aMontogomery Elizabeth
_9118215
245 0 _aReminiscences on Wilmington in familar village tables ancient new port
260 _aWashington
_bKennikat
_c1972
300 _av, 867p.
_ccm.
490 _aMiddle Atlantic States Historical Publishing series; 4
650 _aHISTORY
942 _hV7314.3W.M, L2
_cTEXL
_2CC
999 _c243758
_d243758